<?xml version="1.0" encoding="UTF-8"?>
<record
    xmlns:xsi="http://www.w3.org/2001/XMLSchema-instance"
    xsi:schemaLocation="http://www.loc.gov/MARC21/slim http://www.loc.gov/standards/marcxml/schema/MARC21slim.xsd"
    xmlns="http://www.loc.gov/MARC21/slim">

  <leader>02266nam a2200361 i 4500</leader>
  <controlfield tag="003">DO-SdBNP</controlfield>
  <controlfield tag="005">20250723145734.0</controlfield>
  <controlfield tag="007">ta</controlfield>
  <controlfield tag="008">250718b1966    dr a|||| |||| 00| 0 spa d</controlfield>
  <datafield tag="020" ind1=" " ind2=" ">
    <subfield code="a">0870110314</subfield>
  </datafield>
  <datafield tag="040" ind1=" " ind2=" ">
    <subfield code="a">DO-SdBNP</subfield>
    <subfield code="b">spa</subfield>
    <subfield code="c">BNPHU</subfield>
    <subfield code="e">rda</subfield>
  </datafield>
  <datafield tag="041" ind1=" " ind2=" ">
    <subfield code="a">eng</subfield>
  </datafield>
  <datafield tag="082" ind1=" " ind2="4">
    <subfield code="a">769.952</subfield>
    <subfield code="b">N218j</subfield>
    <subfield code="2">22</subfield>
  </datafield>
  <datafield tag="100" ind1="1" ind2=" ">
    <subfield code="a">Narazaki, Muneshige, </subfield>
    <subfield code="d">1904-2001.</subfield>
    <subfield code="e">autor</subfield>
    <subfield code="4">aut.</subfield>
    <subfield code="9">87698</subfield>
  </datafield>
  <datafield tag="245" ind1="1" ind2="4">
    <subfield code="a">The Japanese print : </subfield>
    <subfield code="b">its evolution and essence / </subfield>
    <subfield code="c">Muneshige Narazaki ; adaptaci&#xF3;n inglesa, C. H. Mitchell.</subfield>
  </datafield>
  <datafield tag="250" ind1=" " ind2=" ">
    <subfield code="a">Primera edici&#xF3;n</subfield>
  </datafield>
  <datafield tag="264" ind1=" " ind2="4">
    <subfield code="a">Tokyo ; </subfield>
    <subfield code="a">Palo Alto, California ;</subfield>
    <subfield code="b">Kodansha International, LTD</subfield>
    <subfield code="c">&#xA9;1966.</subfield>
  </datafield>
  <datafield tag="300" ind1=" " ind2=" ">
    <subfield code="a">274 p&#xE1;ginas :</subfield>
    <subfield code="b">107 ilustraciones coloreadas montadas ;</subfield>
    <subfield code="c">37 cm.</subfield>
  </datafield>
  <datafield tag="336" ind1=" " ind2=" ">
    <subfield code="a">texto</subfield>
    <subfield code="b">txt</subfield>
    <subfield code="2">rdacontent</subfield>
  </datafield>
  <datafield tag="337" ind1=" " ind2=" ">
    <subfield code="a">sin mediaci&#xF3;n</subfield>
    <subfield code="b">n</subfield>
    <subfield code="2">rdamedia</subfield>
  </datafield>
  <datafield tag="338" ind1=" " ind2=" ">
    <subfield code="a">volumen</subfield>
    <subfield code="b">nc</subfield>
    <subfield code="2">rdacarrier</subfield>
  </datafield>
  <datafield tag="500" ind1=" " ind2=" ">
    <subfield code="a">Identificaci&#xF3;n impresa y nombres de los artistas tambi&#xE9;n en caracteres chino-japoneses.</subfield>
  </datafield>
  <datafield tag="500" ind1=" " ind2=" ">
    <subfield code="a">La biblioteca posee la s&#xE9;ptima reimpresi&#xF3;n de 1966 </subfield>
  </datafield>
  <datafield tag="500" ind1=" " ind2=" ">
    <subfield code="a">Incluye &#xED;ndice y glosario. </subfield>
  </datafield>
  <datafield tag="504" ind1=" " ind2=" ">
    <subfield code="a">Bibliograf&#xED;a : p&#xE1;ginas  257-267</subfield>
  </datafield>
  <datafield tag="520" ind1=" " ind2=" ">
    <subfield code="a">Una selecci&#xF3;n de m&#xE1;s de cien xilograf&#xED;as ukiyo-e japonesas a todo color, incluyendo varios tr&#xED;pticos desplegables, encuadernados con separadores. Obras de los artistas m&#xE1;s importantes de los siglos XVII al XIX, estas reproducciones fieles abarcan una amplia gama tem&#xE1;tica: retratos de actores, escenas de g&#xE9;nero, paisajes, escenas c&#xF3;micas, mujeres hermosas y m&#xE1;s. Adem&#xE1;s de un texto introductorio de tres cap&#xED;tulos, las l&#xE1;minas se acompa&#xF1;an de extensos pies de foto con descripciones completas de detalles art&#xED;sticos, material biogr&#xE1;fico sobre los artistas y una historia evolutiva de las impresiones japonesas. Una secci&#xF3;n especial del adaptador, C.H. Mitchell, aborda los criterios de selecci&#xF3;n, el valor de mercado y el cuidado de las impresiones. Un libro exquisito en excelente estado, con estuche resistente y protector de lomo. 474 p&#xE1;ginas. tela, sobrecubierta, estuche de cart&#xF3;n, folio.</subfield>
  </datafield>
  <datafield tag="590" ind1=" " ind2=" ">
    <subfield code="a">Inventariado, 2025/ YL</subfield>
  </datafield>
  <datafield tag="650" ind1=" " ind2="4">
    <subfield code="a">Grabados en color, japonesas.</subfield>
    <subfield code="9">88389</subfield>
  </datafield>
  <datafield tag="650" ind1=" " ind2="4">
    <subfield code="a">Ukiyoe </subfield>
    <subfield code="9">88390</subfield>
  </datafield>
  <datafield tag="700" ind1="1" ind2=" ">
    <subfield code="a">Mitchell, C. H.</subfield>
    <subfield code="9">88429</subfield>
  </datafield>
  <datafield tag="910" ind1=" " ind2=" ">
    <subfield code="a">YLockward/Validado. Control de calidad MFF</subfield>
  </datafield>
  <datafield tag="942" ind1=" " ind2=" ">
    <subfield code="2">ddc</subfield>
    <subfield code="c">LBS1</subfield>
  </datafield>
  <datafield tag="952" ind1=" " ind2=" ">
    <subfield code="0">0</subfield>
    <subfield code="1">0</subfield>
    <subfield code="2">ddc</subfield>
    <subfield code="5">6</subfield>
    <subfield code="7">0</subfield>
    <subfield code="8">GR</subfield>
    <subfield code="a">BNPHU</subfield>
    <subfield code="b">BNPHU</subfield>
    <subfield code="c">HD</subfield>
    <subfield code="d">1980-07-01</subfield>
    <subfield code="e">Donado por la Embajada de Jap&#xF3;n</subfield>
    <subfield code="l">0</subfield>
    <subfield code="o">BNPHU GR 769.952 N218j</subfield>
    <subfield code="p">2025-6700</subfield>
    <subfield code="r">2025-07-18</subfield>
    <subfield code="w">2025-07-18</subfield>
    <subfield code="y">LBS1</subfield>
  </datafield>
  <datafield tag="999" ind1=" " ind2=" ">
    <subfield code="c">59575</subfield>
    <subfield code="d">59575</subfield>
  </datafield>
</record>
